Statistiques concernant Les bâtiments

Cliquez ici pour prendre le quiz!

Statistiques générales

  • Ce quiz a été pris 114 fois
  • Le résultat moyen est 17 sur 26

Statistiques - réponses

HintRéponse% Correct
prof, élèves, ...l'école
98%
argent, ...la banque
95%
film, popcorn, ...le cinéma
95%
carte, menu, ...le restaurant
91%
lettres, paquets, ...la poste
89%
pain, croissants, ...la boulangerie
84%
lits, réception, ...l'hôtel
84%
train, voies, ...la gare
82%
glace, patinage, ...la patinoire
82%
voitures, réparation, ...le garage
82%
pasteur, prière, ...l'église
82%
caisse, vendeuse, ...le supermarché
82%
viande, saucisses, ...la boucherie
80%
fleurs, ...le fleuriste
80%
maire, ...la mairie
78%
eau, bassin, ...la piscine
75%
médecin, patients, ...l'hôpital
69%
acteurs, actrices, ...le théâtre
65%
terrain de sport, ..le stade
64%
essence, voiture, ...la station-service
45%
aliments, fruits, légumes, ...l'épicerie
40%
vêtements, ...la boutique
38%
journaux, chewing-gum, ...le kiosque
29%
chanteur, chanteuse, ...l'opéra
29%
crayons, cahiers, ...la papeterie
11%
policiers, ...la station de police
0%

Distribution des résultats

Percentile par nombre de réponses

% des personnes avec chaque résultat

Votre développement - résultats

Vous n’avez pas pris ce quiz